Central Library OPAC University of Rajshahi

Vertebrate paleontology / (Record no. 53780)

MARC details
000 -LEADER
fixed length control field 00816nam a2200265 a 4500
001 - CONTROL NUMBER
control field 53780
003 - CONTROL NUMBER IDENTIFIER
rucl marc code BD RJUL
005 - DATE AND TIME OF LATEST TRANSACTION
control field 20211209080023.0
008 - FIXED-LENGTH DATA ELEMENTS--GENERAL INFORMATION
fixed length control field 161025s1966 enka b 001 0 eng
035 ## - SYSTEM CONTROL NUMBER
System control number (BD RJUL)53902
040 ## - CATALOGING SOURCE
Original cataloging agency DLC
Transcribing agency DLC
Modifying agency BD RJUL
Language of cataloging eng
041 ## - LANGUAGE CODE
Language code of text/sound track or separate title eng
082 ## - DEWEY DECIMAL CLASSIFICATION NUMBER
Classification number 596
Author mark and year ROV 1959
Edition number 23
100 1# - MAIN ENTRY--PERSONAL NAME
Personal name Romer, Alfred Sherwood,
Dates associated with a name 1894-1973
9 (RLIN) 35524
245 10 - TITLE STATEMENT
Title Vertebrate paleontology /
Statement of responsibility, etc. by Alfred Sherwood Romer.
260 ## - PUBLICATION, DISTRIBUTION, ETC. (IMPRINT)
Place of publication, distribution, etc. London :
Name of publisher, distributor, etc. University of Chicago Press,
Date of publication, distribution, etc. c1933-1959
300 ## - PHYSICAL DESCRIPTION
Pagination vii, 437 p. :
Illustrations ill. ;
Size 29 cm.
500 ## - GENERAL NOTE
General note Includes index.
650 #0 - SUBJECT ADDED ENTRY--TOPICAL TERM
Topical term or geographic name as entry element Vertebrates
General subdivision Anatomy.
9 (RLIN) 35525
Topical term or geographic name as entry element Vertebrates, Fossil.
9 (RLIN) 35526
Topical term or geographic name as entry element Paleontology.
9 (RLIN) 35527
942 ## - ADDED ENTRY ELEMENTS (KOHA)
Source of classification or shelving scheme Dewey Decimal Classification
Koha item type Books
Holdings
Lost status Source of classification or shelving scheme Damaged status Not for loan Collection code Permanent Location Current Location Shelving location Date acquired Source of acquisition Cost, normal purchase price Total Checkouts Full call number Date last seen Copy number Koha item type
  Dewey Decimal Classification     Non-fiction Central Library, University of Rajshahi Central Library, University of Rajshahi   15/10/1973 Euro-Bangladesh news agency. 90.00   596 ROV 1959 25/10/2016 C-2 Books